25 jogadores de futebol mais caros do mundo - Statistics

Estatísticas Gerais
  • Esse quiz foi jogado 2 213 vezes
  • A pontuação média é 9 de 25
Estatísticas das Respostas
Preço (R$) Nacionalidade Jogador % Correto
958 milhões Noruega Erling Haaland
85%
729 milhões França Kylian Mbappé
84%
643 milhões Brasil Vinícius Júnior
73%
811 milhões Canadá Alphonso Davies
63%
820,5 milhões Espanha Pedri
61%
787 milhões Portugal João Félix
59%
1,2 bilhão Inglaterra Phil Foden
53%
576 milhões Marrocos Achraf Hakimi
51%
854 milhões Holanda (Países Baixos) Frenkie De Jong
42%
950 milhões Portugal Bruno Fernandes
37%
641 milhões Inglaterra Bukayo Saka
32%
642 milhões Portugal Bernardo Silva
30%
744 milhões Inglaterra Jadon Sancho
30%
980 milhões Inglaterra Marcus Rashford
30%
613 milhões Inglaterra Raheem Sterling
28%
705 milhões Portugal Rúben Dias
27%
718 milhões Alemanha Kai Havertz
24%
761 milhões Inglaterra Mason Mount
22%
708 milhões Inglaterra Trent Alexander-Arnold
18%
608 milhões Brasil Gabriel Jesus
15%
727 milhões Espanha Ferran Torres
11%
571 milhões Estados Unidos Sergiño Dest
11%
671 milhões Alemanha Timo Werner
9%
1,1 bilhão Inglaterra Mason Greenwood
6%
573 milhões Espanha Marcos Llorente
2%
Nenhum quiz correspondente encontrado
Distribuição das Pontuações
Porcentagem de Pessoas com Cada Pontuação
Percentil de Números Respondidos
Sua Pontuação Histórica
Você não jogou esse quiz